<A> history of South Africa

Salvato in:
Dettagli Bibliografici
Autore principale: Thompson, Leonard
Natura: Libro
Lingua:inglese
Pubblicazione: New Haven Yale University Press 2001
Edizione:3rd ed.
Soggetti:
Tags: Aggiungi Tag
Nessun Tag, puoi essere il primo ad aggiungerne!!

MARC

LEADER 00000nam a2200000 4500
001 0177682
005 20221129100952.2
020 |a 978-0-300-08776-5 
020 |a 0-300-08776-4 
020 |a 0-300-08775-6 
041 0 |a eng 
044 |a US 
245 1 0 |a <A> history of South Africa  |c Leonard Thompson 
250 |a 3rd ed. 
264 1 |a New Haven  |b Yale University Press  |c 2001 
300 |a xxiv, 358 s. 
610 2 0 |a Juhoafrická republika 
610 2 0 |a história 
610 2 0 |a situácia politická 
610 2 0 |a konflikty 
100 1 |a Thompson, Leonard